| 000 | 00435nam a22001577a 4500 | ||
|---|---|---|---|
| 003 | OSt | ||
| 005 | 20140311163159.0 | ||
| 008 | 140227t xxu||||| |||| 00| 0 eng d | ||
| 050 |
_aQA 273.2 _b.Sh558 1995 |
||
| 100 |
_aShireman, Myrl _9554 |
||
| 245 |
_aStatistics & probability / _cMyrl Shireman. |
||
| 260 |
_aUnited States : _bMark Twain Media, _cc1995. |
||
| 300 |
_a76 p. : _bill. ; _c28 cm. |
||
| 942 |
_2lcc _cBK-TR |
||
| 999 |
_c42460 _d42460 |
||